| 000 | 00750nam a22001937a 4500 | ||
|---|---|---|---|
| 005 | 20240530105533.0 | ||
| 010 | _aHIN-127601 | ||
| 020 |
_a9788119057139 _c199.00 |
||
| 035 | _aHN-99947 | ||
| 037 | _bDBAD | ||
| 082 |
_a821 _21 |
||
| 100 |
_aसक्सेना, सुनीता _967083 |
||
| 245 |
_aमन की तरंगे/ _cसुनीता सक्सेना |
||
| 260 |
_aनई दिल्ली _bफ्लोरेंट पब्लिकेशन _c2023 |
||
| 270 |
_bनई दिल्ली _k8851941583 _k9718546120 _minfo.florentpub@gmail.com |
||
| 300 |
_a91पृ. _c21सेमी. (अजिल्द) |
||
| 650 |
_aहिन्दी _967084 |
||
| 942 |
_2ddc _cHN _h821 _mसक्सेन |
||
| 999 |
_c203046 _d203046 |
||